Queen - The show must go on - lyrics - Statistics

General Stats
  • This quiz has been taken 327 times
  • The average score is 189 of 247
Answer Stats
Answer % Correct
On
98%
on
98%
the
98%
go
97%
I
97%
must
97%
on
97%
On
97%
show
97%
the
97%
go
96%
i
96%
I
96%
must
96%
show
96%
a
94%
we
91%
what
91%
are
90%
for
90%
we
90%
what
90%
are
89%
for
89%
what
89%
and
88%
my
88%
be
87%
know
86%
but
85%
in
85%
know
85%
living
84%
anybody
83%
Empty
83%
is
83%
living
83%
anybody
82%
does
82%
does
81%
Spaces
81%
to
81%
it
79%
guess
78%
heart
78%
places
78%
guess
77%
smile
75%
still
75%
Another
74%
another
74%
make-up
73%
may
73%
stays
73%
breaking
72%
inside
72%
looking
71%
Abandoned
70%
I'm
69%
Behind
68%
curtain
67%
score
67%
hero
66%
of
66%
all
64%
flaking
64%
take
64%
want
64%
anymore
62%
can
61%
never
61%
romance
61%
crime
60%
learning
60%
mindless
60%
yeah
59%
I'll
58%
die
56%
with
56%
failed
55%
will
55%
whatever
54%
fly
53%
now
53%
wings
53%
yesterday
53%
butterflies
52%
fairy
52%
free
52%
Hold
52%
pantomime
52%
happens
51%
line
51%
turning
51%
friends
50%
heartache
50%
leave
50%
like
50%
tales
49%
corner
48%
chance
47%
face
47%
carry
46%
dark
46%
soul
44%
round
43%
grow
42%
have
41%
Outside
41%
painted
40%
aching
39%
giving
39%
soon
39%
find
38%
warmer
37%
dawn
35%
bill
33%
grin
33%
overkill
31%
Ooh
28%
top
24%
No matching quizzes found
Score Distribution
Percent of People with Each Score
Percentile by Number Answered
Your Score History
You have not taken this quiz